00478pam a2200121 a 4500020001500000040000800015082002600023245007900049260015200128300003500280650001700315700002400332 a0444864490 cDLC00a511 NOR 1982 A027 Or.10aGraph theory :bproceedings of the Conference on Graph Theory, Cambridge / aAmsterdam ;aNew York :bNorth-Holland Pub. Co. ;aNew York, N.Y. :bSole distributors for the U.S.A. and Canada, Elsevier Science Pub. Co.,c1982. aviii, 201 p. :bill. ;c23 cm. 0aGraph theory1 aBollobás, Béla.